Statistics for NFL MVP's not in the hall of fame

Click here to take the quiz!

General Stats

  • This quiz has been taken 77 times
  • The average score is 11 of 20

Answer Stats

YearPositionPlayer% Correct
2011, 2014, 2020, 2021QBAaron Rodgers
87%
2018QBPatrick Mahomes
87%
2007, 2010, 2017QBTom Brady
87%
2012RBAdrian Peterson
78%
2019QBLamar Jackson
78%
2016QBMatt Ryan
76%
2015QBCam Newton
75%
2005RBShaun Alexander
71%
2002QBRich Gannon
56%
1988QBBoomer Esiason
49%
1983QBJoe Theismann
49%
1981QBKen Anderson
48%
1982KMark Moseley
48%
2003QBSteve McNair
48%
1976QBBert Jones
33%
1968QBEarl Morrall
30%
1980QBBrian Sipe
29%
1972RBLarry Brown
22%
1970QBJohn Brodie
17%
1969QBRoman Gabriel
17%

Score Distribution

Percentile by Number Answered

Percent of People with Each Score

Your Score History

You have not taken this quiz